00330nam a2200133Ia 4500008004100000041001200041082001600053100001600069245003700085260003400122300000800156650001400164700001800178221030s9999 xx 000 0 und d aEnglish a105.23bMar aS. H. Maron 0aPrinciples of Physical Chemistry bOxford & IBHaNew Delhic1972 a886 aChemistry aC. F. Prutton